Stephen Hawking : (Record no. 963)

000 -LEADER
fixed length control field 01376nam a22004097a 4500
001 - CONTROL NUMBER
control field 2030036
003 - CONTROL NUMBER IDENTIFIER
control field OSt
005 - DATE AND TIME OF LATEST TRANSACTION
control field 20210426111748.0
008 - FIXED-LENGTH DATA ELEMENTS--GENERAL INFORMATION
fixed length control field 920102s1992 nyu b 001 0beng
010 ## - LIBRARY OF CONGRESS CONTROL NUMBER
LC control number 92000699
020 ## - INTERNATIONAL STANDARD BOOK NUMBER
International Standard Book Number 0525934472
020 ## - INTERNATIONAL STANDARD BOOK NUMBER
International Standard Book Number 0452269881 (cover)
040 ## - CATALOGING SOURCE
Original cataloging agency DLC
Transcribing agency DLC
Modifying agency DLC
Language of cataloging eng
041 ## - LANGUAGE CODE
Language code of text/sound track or separate title eng
043 ## - GEOGRAPHIC AREA CODE
Geographic area code e-uk---
050 00 - LIBRARY OF CONGRESS CALL NUMBER
Classification number QC16.H33
Item number W45 1992
080 ## - UNIVERSAL DECIMAL CLASSIFICATION NUMBER
Universal Decimal Classification number 92
Item number W-63
082 00 - DEWEY DECIMAL CLASSIFICATION NUMBER
Classification number 530/.092
-- B
Edition number 20
100 1# - MAIN ENTRY--PERSONAL NAME
Personal name White, Michael,
Dates associated with a name 1959-
245 10 - TITLE STATEMENT
Title Stephen Hawking :
Remainder of title a life in science /
Statement of responsibility, etc. / by: A Dutton Book
260 ## - PUBLICATION, DISTRIBUTION, ETC.
Place of publication, distribution, etc. New York, N.Y., U.S.A. :
Name of publisher, distributor, etc. A Dutton Book
Date of publication, distribution, etc. c1992.
300 ## - PHYSICAL DESCRIPTION
Extent ix, 304 p. ;
Dimensions 23 cm.
365 ## - TRADE PRICE
Price amount 23 usd
500 ## - GENERAL NOTE
General note "Published in Great Britain by Penguin Books, Ltd."--T.p. verso.
504 ## - BIBLIOGRAPHY, ETC. NOTE
Bibliography, etc. note Includes bibliographical references (p. [294]-298) and index.
600 10 - SUBJECT ADDED ENTRY--PERSONAL NAME
Personal name Hawking, Stephen,
Dates associated with a name 1942-2018.
650 #0 - SUBJECT ADDED ENTRY--TOPICAL TERM
Topical term or geographic name entry element Astrophysics.
650 #0 - SUBJECT ADDED ENTRY--TOPICAL TERM
Topical term or geographic name entry element Biography
9 (RLIN) 237
650 #0 - SUBJECT ADDED ENTRY--TOPICAL TERM
Topical term or geographic name entry element Physicists
Geographic subdivision Great Britain
Form subdivision Biography.
653 ## - INDEX TERM--UNCONTROLLED
Uncontrolled term ბიოგრაფია
653 ## - INDEX TERM--UNCONTROLLED
Uncontrolled term ფიზიკა
653 ## - INDEX TERM--UNCONTROLLED
Uncontrolled term ასტროფიზიკა
700 1# - ADDED ENTRY--PERSONAL NAME
Personal name Gribbin, John,
Dates associated with a name 1946-
906 ## - LOCAL DATA ELEMENT F, LDF (RLIN)
a 7
b cbc
c orignew
d 1
e ocip
f 19
g y-gencatlg
942 ## - ADDED ENTRY ELEMENTS (KOHA)
Source of classification or shelving scheme
Koha item type Books
Holdings
Withdrawn status Lost status Source of classification or shelving scheme Damaged status Not for loan Permanent location Current location Date acquired Inventory number Total Checkouts Full call number Barcode Date last seen Date last checked out Price effective from Koha item type
          Ken Walker International University Ken Walker International University 01/27/2021 2474 1 92 W-63 2474 06/05/2023 05/23/2023 01/27/2021 Books

Powered by Koha